| 000 | 00400nam a22001691a 4500 | ||
|---|---|---|---|
| 020 | _a9788121207195 | ||
| 082 |
_a294.592 1 _bKRI/V |
||
| 100 | _aSaigal Krishan | ||
| 245 |
_aVedic management : _bthe dharmic and yogic way/ |
||
| 260 |
_aNew Delhi: _bJnan, _c2000. |
||
| 300 | _a229p. | ||
| 650 | _aVedas | ||
| 650 | _aVedic Literature | ||
| 650 | _aHinduism | ||
| 650 | _aReligion | ||
| 942 | _cBK | ||
| 999 |
_c49489 _d49489 |
||